000 00356 a2200157 4500
001 74785
020 _a9788516040488
040 _cAnchieta - Colégio São Paulo
100 _aOrthof, Sylvia
240 1 0 _aOs bichos que eu tive
_lpor
245 1 0 _aOs bichos que eu tive
300 _a74
362 0 _a2004
650 4 _aLiteratura juvenil
942 _cBK
999 _c74785
_d74785